000
00199nam a2200085Ia 4500
008
250605s9999 xx 000 0 und d
041
_a
eng
100
_a
Divyanshu Pandey
245
_a
AU Small Finance Bank
999
_c
45879
_d
45879